[Event "Let's Play Chess!"]
[Site "http://www.queenalice.com/game.php?id=687345"]
[Date "2009.11.23"]
[Round "-"]
[White "RafaelCabral"]
[Black "Thaisa"]
[Result "1-0"]
[WhiteElo "2306"]
[BlackElo "1157"]

1. e4 e6 2. d4 Nc6 3. Nf3 Nxd4 4. Nxd4 Bb4+ 5. Nd2 d6 6. c3 Ba5 7. Qh5 b5 8.
Qxb5+ c6 9. Nxc6 Qg5 10. Qxg5 Bxc3 11. bxc3 Ba6 12. Qxg7 Bxf1 13. Nxf1 Rc8 14.
Nb4 Rxc3 15. Qxh8 Rxc1+ 16. Rxc1 a5 17. Qxg8+ Ke7 18. Rc7+ Kf6 19. f4 axb4 20.
Qg5# 1-0

[Event "sorte de principiante"]
[Site "http://www.queenalice.com/game.php?id=687425"]
[Date "2009.11.23"]
[Round "-"]
[White "juleba"]
[Black "Thaisa"]
[Result "1-0"]
[WhiteElo "1486"]
[BlackElo "1100"]

1. c4 e6 2. e4 Nf6 3. e5 Nc6 4. exf6 gxf6 5. d4 d6 6. d5 e5 7. dxc6 bxc6 8. Nc3
Bg4 9. Qxg4 Rb8 10. Qe4 d5 11. cxd5 f5 12. Qxe5+ Be7 13. Bg5 cxd5 14. Nxd5 Qxd5
15. Qxe7# 1-0

[Event "Challenge"]
[Site "http://www.queenalice.com/game.php?id=688225"]
[Date "2009.11.24"]
[Round "-"]
[White "montelo"]
[Black "Thaisa"]
[Result "1-0"]
[WhiteElo "2068"]
[BlackElo "1095"]

1. e4 a6 2. Qf3 e6 3. Nh3 Nf6 4. d3 e5 5. Ng5 d6 6. Nc3 h6 7. Nh3 c5 8. g3 Nh5
9. Qxh5 Qa5 10. Ng5 Nc6 11. Qxf7+ Kd8 12. Qd5 hxg5 13. Bxg5+ Ke8 14. f4 Bg4 15.
fxe5 dxe5 16. Be2 Bxe2 17. Qe6+ Be7 18. Qg6+ Kd8 19. Qxg7 Nd4 20. Qxh8+ Kd7 21.
Qxa8 Bxg5 22. Qxb7+ Kd6 23. Qd5+ Ke7 24. Qxe5+ Kd7 25. Qxg5 Qxc3+ 26. bxc3 Nxc2+
27. Kxe2 Nxa1 28. Rxa1 a5 29. Rb1 a4 30. Rb7+ 1-0

[Event "Challenge"]
[Site "http://www.queenalice.com/game.php?id=688226"]
[Date "2009.11.24"]
[Round "-"]
[White "Thaisa"]
[Black "montelo"]
[Result "0-1"]
[WhiteElo "1095"]
[BlackElo "2078"]

1. d4 c6 2. Nf3 d5 3. Bg5 Qb6 4. e3 Qxb2 5. Nc3 Qxc3+ 6. Ke2 Bf5 7. Bxe7 Bxe7 8.
Nd2 Bg4+ 9. f3 Bf5 10. Rb1 Bxc2 11. Qe1 Bxb1 12. Qxb1 Bb4 13. g4 Qxd2# 0-1

[Event "Challenge"]
[Site "http://www.queenalice.com/game.php?id=688534"]
[Date "2009.11.25"]
[Round "-"]
[White "aciles"]
[Black "Thaisa"]
[Result "1-0"]
[WhiteElo "1778"]
[BlackElo "1095"]

1. d4 e6 2. c4 Nc6 3. Nc3 Nf6 4. Bg5 Bb4 5. Nf3 b6 6. e3 Ba6 7. Qa4 d5 8. Qxa6
Rc8 9. cxd5 Qxd5 10. Bxf6 gxf6 11. Qxc8+ Ke7 12. Qxh8 Nxd4 13. Nxd4 Bxc3+ 14.
bxc3 Qa5 15. Nc6+ Kd7 16. Nxa5 bxa5 17. Qxf6 c5 18. Qxf7+ Kc6 19. Qxe6+ Kc7 20.
Qe7+ Kb8 21. Rb1+ Ka8 22. Qb7# 1-0

[Event "Challenge"]
[Site "http://www.queenalice.com/game.php?id=688621"]
[Date "2009.11.25"]
[Round "-"]
[White "kiko_rs"]
[Black "Thaisa"]
[Result "1-0"]
[WhiteElo "1616"]
[BlackElo "1157"]

1. d4 d5 2. c4 Nf6 3. Nc3 dxc4 4. e4 Nc6 5. d5 Na5 6. Qa4+ c6 7. e5 Nxd5 8. Nxd5
b5 9. Qb4 e6 10. Qd2 exd5 11. Nf3 Bg4 12. Ng5 f6 13. Qd4 Bb4+ 14. Bd2 Qe7 15.
Qxg4 1-0

[Event "Challenge"]
[Site "http://www.queenalice.com/game.php?id=689131"]
[Date "2009.11.26"]
[Round "-"]
[White "bruhno"]
[Black "Thaisa"]
[Result "1-0"]
[WhiteElo "1495"]
[BlackElo "1095"]

1. e4 d6 2. h3 e5 3. Qf3 Qe7 4. Qd1 g5 5. f3 d5 6. exd5 Qc5 7. Nc3 Qf2+ 8. Kxf2
Bxh3 9. Rxh3 Bc5+ 10. Ke1 Bxg1 11. Bb5+ c6 12. dxc6 bxc6 13. Ba4 Bd4 14. Nd5 Nf6
15. Nc7+ Ke7 16. Nxa8 c5 17. c3 Ne4 18. Qe2 Nxc3 19. bxc3 Bg1 20. Qxe5+ Kd8 21.
Qxh8+ Ke7 22. Qe8+ Kf6 23. Qh8+ Kf5 24. Bc2+ Kf4 25. d4+ Be3 26. Qf6# 1-0

[Event "Challenge"]
[Site "http://www.queenalice.com/game.php?id=691060"]
[Date "2009.11.30"]
[Round "-"]
[White "bruhno"]
[Black "Thaisa"]
[Result "1-0"]
[WhiteElo "1536"]
[BlackElo "1095"]

1. e4 c5 2. a3 e5 3. Qh5 b5 4. Qxe5+ Be7 5. Qxg7 Nc6 6. Qxh8 Nd4 7. Qxg8+ Bf8 8.
Kd1 a6 9. Bd3 c4 10. c3 cxd3 11. cxd4 Bb7 12. Nh3 Bxe4 13. Re1 Rc8 14. Rxe4+ Qe7
15. Rxe7+ Kxe7 16. Ng5 f5 17. Qf7+ Kd6 18. Qf6+ Kc7 19. Qxf5 h6 20. Qe5+ Bd6 21.
Qd5 hxg5 22. Nc3 Bxh2 23. g3 d6 24. Qh1 Rh8 25. Nd5+ Kb8 26. Nb6 Kc7 27. Nd5+
Kd7 28. g4 Kc8 29. Nb4 Rh4 30. Nxd3 Kb8 31. b4 Rxg4 32. Qxh2 Rxd4 33. Ne1 Rxb4
34. Qxd6+ Kb7 35. Qxb4 Kc7 36. Qa5+ 1-0

[Event "Challenge"]
[Site "http://www.queenalice.com/game.php?id=691548"]
[Date "2009.12.1"]
[Round "-"]
[White "Meirebel"]
[Black "Thaisa"]
[Result "0-1"]
[WhiteElo "1884"]
[BlackElo "1095"]

1. e4 c5 2. Nf3 c4 3. Bxc4 e5 4. Nc3 Nc6 5. a3 Bd6 6. d3 Nf6 7. Bg5 O-O 8. Nd5
b6 9. Nxf6+ gxf6 10. Bh6 Re8 11. Nh4 Bf8 12. Qg4+ Kh8 13. Nf5 Bxh6 14. Bxf7 d6
15. Bxe8 Qxe8 16. Qh4 Bg5 17. Qg3 Bxf5 18. exf5 Nd4 19. O-O Ne2+ 0-1

[Event "Challenge"]
[Site "http://www.queenalice.com/game.php?id=691549"]
[Date "2009.12.1"]
[Round "-"]
[White "Thaisa"]
[Black "Meirebel"]
[Result "1/2-1/2"]
[WhiteElo "1095"]
[BlackElo "1884"]

1. e4 e5 2. b4 Bxb4 3. Nc3 Nc6 4. Nf3 Nf6 5. Bd3 d6 6. O-O Bg4 7. h3 Bxf3 8.
gxf3 Nd4 9. Rb1 c5 10. a4 O-O 11. Na2 a5 12. c3 Bxc3 13. dxc3 Ne6 14. Rxb7 Nh5
15. Bc4 Qh4 16. Bxe6 fxe6 17. Qxd6 Qxh3 18. Rb6 Kh8 19. Qxe5 Qxf3 20. Be3 Qg4+
21. Kh2 Rae8 22. f3 Rxf3 23. Rxf3 Qxf3 24. Rb8 Qe2+ 25. Kh1 Qf3+ 26. Kh2 Qe2+
27. Kh1 Qf3+ 28. Kh2 Qe2+ 1/2-1/2

[Event "Challenge"]
[Site "http://www.queenalice.com/game.php?id=695010"]
[Date "2009.12.9"]
[Round "-"]
[White "rodriw02"]
[Black "Thaisa"]
[Result "0-1"]
[WhiteElo "1082"]
[BlackElo "1095"]

1. e4 e5 2. Bc4 g5 3. Qf3 Nf6 4. Nc3 Nc6 5. a3 Bc5 6. Nh3 g4 7. Qg3 gxh3 8. Qxh3
d5 9. Qg3 dxc4 10. d3 Ng4 11. Qxg4 Bxg4 12. O-O cxd3 13. cxd3 Rg8 14. h3 Bc8 15.
Bh6 Bxh3 16. Kh2 Bxg2 17. Rfe1 Qh4+ 18. Kg1 Qh1# 0-1

[Event "Challenge"]
[Site "http://www.queenalice.com/game.php?id=698129"]
[Date "2009.12.15"]
[Round "-"]
[White "Thaisa"]
[Black "bruhno"]
[Result "1/2-1/2"]
[WhiteElo "1127"]
[BlackElo "1507"]

1. d4 e6 2. Nc3 Bb4 3. Nf3 Bxc3+ 4. bxc3 c6 5. Bg5 f6 6. Bd2 Ne7 7. e4 O-O 8.
Bd3 d5 9. g4 f5 10. gxf5 exf5 11. exf5 Nxf5 12. O-O Ne7 13. Rb1 Bg4 14. Be2 Bxf3
15. Bxf3 Ng6 16. Rxb7 Qh4 17. a4 Qh3 18. Bg4 Qh4 19. f4 h5 20. f5 hxg4 21. fxg6
Na6 22. Rxf8+ Rxf8 23. Rxa7 Qf2+ 24. Kh1 Nb8 25. Ra8 g3 26. hxg3 Qxg3 27. Qb1
Qf3+ 28. Kh2 Qf2+ 29. Kh1 Nd7 30. Rxf8+ Nxf8 31. Qc1 Nxg6 32. Be3 Qf3+ 33. Kg1
Nh4 34. Qd2 Qg4+ 35. Kf1 Nf3 36. Qe2 Nh2+ 37. Qxh2 Qd1+ 38. Kg2 Qe2+ 39. Bf2
Qxc2 40. Qb8+ Kh7 41. Qh2+ Kg6 42. Qd6+ Kf7 43. Qd7+ Kg8 44. Qe8+ Kh7 45. Qh5+
Kg8 46. Qe8+ Kh7 47. Qh5+ Kg8 48. Qe8+ Kh7 49. Qh5+ 1/2-1/2

[Event "Challenge"]
[Site "http://www.queenalice.com/game.php?id=698131"]
[Date "2009.12.15"]
[Round "-"]
[White "Thaisa"]
[Black "Ytalos"]
[Result "1-0"]
[WhiteElo "1157"]
[BlackElo "1657"]

1. d4 Nf6 2. Nc3 g6 3. g4 Bg7 4. Nf3 d6 5. g5 Nfd7 6. b4 O-O 7. Be3 e5 8. b5 c6
9. Rb1 c5 10. d5 Nf6 11. gxf6 Qxf6 12. Bg5 Qf5 13. e4 Qd7 14. Bc4 f6 15. Be3 f5
16. Rb3 fxe4 17. Nxe4 Qe7 18. Bxc5 dxc5 19. d6+ 1-0